00248pam a2200121 a 4500020000500000041000800005082000800013100001600021245003700037250001000074260002900084300001300113 c aeng bSAD aSadava DE . aCell biology hTextual Documents a2009. a[s.l]:bCBS PUB and Dist a886 pg .